00660nam a2200193 a 450000100100000000500170001000800410002704000250006808200090009310000300010224501240013226000390025630000170029549000130031250000370032550500590036270000320042183000130045300003537820200930074310.0111031s1950 cu 000 0 spa d aDO-SdBNPbspacBNPHU axxxx1 aRodriguez Delgado, Rafael10aIntroducción a una filosofía de la era atómica. /cRafael Rodriguez Delgado ; prólogo de Dr. Carlos Saladrigas. aLa Habana :bEditorial Lex,c1950. av. ;c24 cm.1 aOceanida aLa biblioteca posee el volumen 10 gv. 1aEl conocimiento actual del universo y del hombre1 aSaladrigas, Carlosepról. 0aOceanida